书目信息 |
| 题名: |
金田起义
|
|
| 作者: | ;广西师范学院历史系金田起义编写组 编 | |
| 分册: | ||
| 出版信息: | 南宁 广西人民出版社 1975 |
|
| 页数: | 169页 | |
| 开本: | 19cm | |
| 丛书名: | ||
| 单 册: | ||
| 中图分类: | K254.1 | |
| 科图分类: | ||
| 主题词: | 金田起义 | |
| 电子资源: | ||
| ISBN: | ||
| 000 | 00648nam0 2200217 45 | |
| 001 | 0175003357 | |
| 005 | 20060731090935.62 | |
| 010 | @dCNY0.41 | |
| 100 | @a19951018d1975 em y0chiy0121 ea | |
| 101 | 0 | @achi |
| 102 | @aCN@b450000 | |
| 105 | @ay z 000yy | |
| 200 | 10 | @a金田起义@Ajin tian qi yi@f广西师范学院历史系《金田起义》编写组编 |
| 210 | @a南宁@c广西人民出版社@d1975 | |
| 215 | @a169页@d19cm | |
| 606 | @a金田起义 | |
| 690 | @aK254.1@v3 | |
| 711 | 02 | @a广西师范学院历史系金田起义编写组@Aguang xi shi fan xue yuan li shi xi jin tian qi yi bian xie zu@4编 |
| 801 | 2 | @aCN@bNLC@c20060731 |
| 801 | 0 | @aCN@bTSSF |
| 905 | @a10447@dK254.1@e35 | |
| 金田起义/广西师范学院历史系《金田起义》编写组编.-南宁:广西人民出版社,1975 |
| 169页;19cm |
| ISBN :CNY0.41 |
| ● |
| 相关链接 |
|
|
|
|
正题名:金田起义
索取号:K254.1/35
 
预约/预借
| 序号 | 登录号 | 条形码 | 馆藏地/架位号 | 状态 | 备注 |
| 1 | 0443841 | 204438411 | 密集书库/ [索取号:K254.1/35] | 在馆 |